Lista de autores y entidades en la base de datos CIRBIC (Record no. 193612)

MARC details
000 -LEADER
campo de control de longitud fija 01555nam a2200385 i 4500
001 - NÚMERO DE CONTROL
campo de control 193612
003 - IDENTIFICADOR DE NÚMERO DE CONTROL
campo de control SpMaBN
005 - FECHA Y HORA DE LA ÚLTIMA TRANSACCIÓN
campo de control 20240213123339.0
007 - CAMPO FIJO DE DESCRIPCIÓN FÍSICA--INFORMACIÓN GENERAL
campo de control de longitud fija ta
008 - DATOS DE LONGITUD FIJA--INFORMACIÓN GENERAL
campo de control de longitud fija 240123s1993 sp | |||| ||spa
016 7# - NÚMERO DE CONTROL DE UNA AGENCIA BIBLIOGRÁFICA NACIONAL
Número de control del registro bimoBNE19930056214
Fuente SpMaBN
017 ## - NÚMERO DE COPYRIGHT O DE DEPÓSITO LEGAL
Número de copyright o de depósito legal M 1649-1993
Agencia que asigna Oficina Depósito Legal Madrid
020 ## - NÚMERO INTERNACIONAL ESTÁNDAR DEL LIBRO
Número Internacional Estándar del Libro 8400073304
035 ## - NÚMERO DE CONTROL DEL SISTEMA
Número de control de sistema (OCoLC)434772538
035 ## - NÚMERO DE CONTROL DEL SISTEMA
Número de control de sistema bimo0000281091
040 ## - FUENTE DE CATALOGACIÓN
Centro catalogador/agencia de origen SpMaBN
Lengua de catalogación spa
Centro/agencia transcriptor SpMaBN
Normas de descripción rdc
Centro/agencia modificador ES-MaACL
080 ## - NÚMERO DE LA CLASIFICACIÓN DECIMAL UNIVERSAL
Número de la Clasificación Decimal Universal 025.323
245 00 - MENCIÓN DEL TÍTULO
Título Lista de autores y entidades en la base de datos CIRBIC
250 ## - MENCION DE EDICION
Mención de edición 3ª ed.
260 ## - PUBLICACIÓN, DISTRIBUCIÓN, ETC.
Lugar de publicación, distribución, etc. Madrid :
Nombre del editor, distribuidor, etc. Unidad de Coordinación de Bibliotecas, Consejo Superior de Investigaciones Científicas,
Fecha de publicación, distribución, etc. 1992 [i.e.1993 ]
300 ## - DESCRIPCIÓN FÍSICA
Extensión 2 v. ;
Dimensiones 30 cm
336 ## - TIPO DE CONTENIDO
Fuente rdacontent
Término de tipo de contenido Texto
337 ## - TIPO DE MEDIO
Fuente rdamedia
Nombre/término del tipo de medio sin mediación
338 ## - TIPO DE SOPORTE
Fuente rdacarrier
Nombre/término del tipo de soporte volumen
490 1# - MENCIÓN DE SERIE
Mención de serie Papel / PRIBIC ;
Designación de volumen o secuencia 26
505 ## - NOTA DE CONTENIDO CON FORMATO
Nota de contenido con formato t. 1. A-H .-- t. 2. I-Z
650 #7 - PUNTO DE ACCESO ADICIONAL DE MATERIA--TÉRMINO DE MATERIA
9 (RLIN) 175279
Término de materia o nombre geográfico como elemento de entrada Encabezamientos de materia españoles
710 ## - ENTRADA AGREGADA--NOMBRE DE ENTIDAD CORPORATIVA
Nombre de entidad corporativa o nombre de jurisdicción como elemento de entrada Consejo Superior de Investigaciones Científicas (España).
Unidad subordinada Unidad de Coordinación de Bibliotecas.
9 (RLIN) 175280
830 #0 - PUNTO DE ACCESO ADICIONAL DE SERIE-TÍTULO UNIFORME
Título uniforme Papel (Consejo Superior de Investigaciones Científicas (España). Programa de Informatización de Bibliotecas) ;
Designación de volumen o secuencia 26
9 (RLIN) 234929
852 ## - LOCALIZACIÓN
Ubicación ES-MaACL
Número de control de estantería A-15158
Sublocalización o colección R.121435
itemnumber 201087
Ubicación en estantería Despachos-biblioteca
Signatura antigua Olim: 025.43 LIS
Designación de la unidad física t.I
852 ## - LOCALIZACIÓN
Ubicación ES-MaACL
Número de control de estantería A-15159
itemnumber 201088
Sublocalización o colección R.121435
Ubicación en estantería Despachos-biblioteca
Signatura antigua Olim: 025.43 LIS
Designación de la unidad física t.II
942 ## - ELEMENTOS DE ENTRADA SECUNDARIOS (KOHA)
Suprimir en OPAC No
Tipo de ítem Koha Libro impreso
Holdings
Estatus retirado Estado de pérdida Fuente del sistema de clasificación o colocación Estado de daño No para préstamo Colección Biblioteca de origen Biblioteca actual Ubicación en estantería Fecha de adquisición Fuente de adquisición Enumeración/cronología de publicación seriada Total de préstamos Signatura topográfica completa Código de barras Visto por última vez Precio de reemplazo Tipo de ítem Koha
    Clasificación decimal universal     Biblioteca profesional Biblioteca del Ateneo de Madrid Biblioteca del Ateneo de Madrid Depósito 1 23/01/2024 Compra t. I   A-15158 101206373 23/01/2024 23/01/2024 Libro impreso
    Clasificación decimal universal     Biblioteca profesional Biblioteca del Ateneo de Madrid Biblioteca del Ateneo de Madrid Depósito 1 23/01/2024 Compra t.II   A-15159 101206374 23/01/2024 23/01/2024 Libro impreso